00705cam a2200229 a 4500001000500000005001700005020001800022040002300040050002400063082001100087100002000098245007000118260003600188300005800224505000800282520008000290521002000370521002000390650001800410650001800428700002900446315920250828153448.0 a9780545270144 aDLCcDLCdDLCbeng00aPZ7.M4239584b 200100a813.541 aMasurel, Claire12aA cat and a dog /cby Masurel, Claire ; illustrated by Kolar, Bob aNew York :bScholastic , c2001 a31 unnumbered pages : bcolor illustrations ;c22 cm. aF  aA cat and a dog are enemies until a crisis brings them together as friends. a340 bLexile  aF bRaz-Plus  1aCatsvFiction 1aDogsvFiction1 aKolar, Bobeillustrator